| 000 | 01378nam0a2200325 4500 | ||
|---|---|---|---|
| 001 | RU\NLR\bibl\379706 | ||
| 005 | 20250622153124.0 | ||
| 010 |
_a5-7274-0473-0 _9200 |
||
| 021 |
_aRU _b2003-11666 _9535 |
||
| 035 | _a(NLR Aleph) 000374125 | ||
| 090 |
_a414226 _c414226 |
||
| 100 | _a20030321d2002 |||y0rusy50 ca | ||
| 101 | 0 | _arus | |
| 102 | _aRU | ||
| 105 | _ay ||||||||| | ||
| 200 | 1 |
_aЭволюция гражданского общества и становление правового государства в России _fИ.И. Ялалов _gМВД России, Уфим. юрид. ин-т |
|
| 210 |
_aУфа _cУфим. юрид. ин-т _d2002 |
||
| 215 |
_a147,[1] с. _d20 |
||
| 320 | _aБиблиогр.: с. 116-147 и в подстроч. примеч. | ||
| 606 | 0 |
_aГражданское общество _xПолитологический аспект _yРоссийская Федерация _92251093 _3RU\NLR\auth\661350251 |
|
| 606 | 0 |
_aГражданское общество _xПравовые основы _yРоссийская Федерация _92185080 _3RU\NLR\auth\661313764 |
|
| 686 | _aФ3(2)11 | ||
| 686 | _aХ620.2 | ||
| 700 | 1 |
_aЯлалов _bИ. И. _gИрек Ишмухаметович _4070 |
|
| 801 | 0 |
_aRU _bNLR _c20030321 _gPSBO |
|
| 801 | 1 |
_aRU _bNLR _c20030321 |
|
| 942 | _cBOOK | ||
| 980 | _aNB | ||
| 980 | _aNBR | ||